| 000 | 00436nam a22001697a 4500 | ||
|---|---|---|---|
| 003 | NUST - PNEC | ||
| 005 | 20170116181143.0 | ||
| 008 | 151008b xxu||||| |||| 00| 0 eng d | ||
| 020 | _a8178350165 | ||
| 040 | _cLIBRARY | ||
| 082 | _a954.035092 ALM | ||
| 100 |
_914806 _aAlmeida, Prakash |
||
| 245 |
_aJinnah : man of destiny _cPrakash Almeida |
||
| 260 | _cc.2001 | ||
| 650 |
_914808 _aPrime ministers _xPakistan |
||
| 942 |
_2ddc _cBK |
||
| 999 |
_c70576 _d70576 |
||